| 000 | 00733nam a2200205Ii 4500 | ||
|---|---|---|---|
| 003 | JO-AjNU | ||
| 008 | 230605s9999||||xx |||||||||||||| ||und|| | ||
| 017 | _a2001/9862 | ||
| 040 |
_aJO-AjNU _bara _erda _cJO-AjNU |
||
| 041 | _aara | ||
| 050 | 1 | 4 | _aBP183.6 2001 |
| 100 | 3 |
_aأبوعاصم، سيد بن محمود ؛ مراجعة وتقديم أمين بن حامد آل حميد, _eauthor _935465 |
|
| 245 | 0 | 0 | _aالفتح الرباني في الخلق النوراني |
| 264 | 3 | 1 | _aالقاهرة: دار الالباني للتراث، 2001 |
| 300 | _a160ص | ||
| 336 |
_atext _btxt _2rdacontent |
||
| 337 |
_aunmediated _bn _2rdamedia |
||
| 338 |
_avolume _bnc _2rdacarrier |
||
| 650 | 4 |
_aالوعظ والارشاد _935466 |
|
| 999 |
_aA14646 _c18214 _d18214 |
||